• 首页
  • 本馆介绍
  • 公告通知
  • 最新文献
  • 馆藏检索
  • 电子资源
  • 读者导购
  • 参考咨询
  • 我的图书馆
  • 登录
  • 详细信息显示
  • 放入我的书架
  • 预约/预借图书
  • 作者相关作品
  • 分类相关作品
  • 丛书相关作品
  • 出版社相关作品

书目信息

  • 表格格式
  • 工作单格式
  • 卡片格式
题名:
外国新闻传播史纲要
    
 
作者: 陈力丹 , 王辰瑶 著
分册:  
出版信息: 北京   中国人民大学出版社  2014
页数: 267页
开本: 26cm
丛书名:
单 册:
中图分类: G219.19
科图分类:
主题词: 新闻事业史--国外--教材
电子资源:
ISBN: 978-7-300-18070-0
000 01111nam0 2200265 450
001 338680
005 20150603153745.39
010    @a978-7-300-18070-0@dCNY35.00
100    @a20131121d2014 em y0chiy50 ea
101 0  @achi
102    @aCN@b110000
105    @aa z 000yy
106    @ar
200 1  @a外国新闻传播史纲要@Awai guo xin wen chuan bo shi gang yao@f陈力丹, 王辰瑶著
205    @a第2版
210    @a北京@c中国人民大学出版社@d2014
215    @a267页@c图@d26cm
300    @a“十二五”普通高等教育本科国家级规划教材 北京市高等教育精品教材立项项目 21世纪新闻传播学系列教材·基础课程系列/方汉奇主编
330    @a本书从宏观上概括了人类社会现代新闻传播的历史轨迹, 以期让读者对15世纪末至今的全球现代化进程中新闻传播的发展大势, 有一个直观的印象。其次按照世界上目前的发展区域或板块, 分别介绍了欧洲、美洲、西亚以外的亚洲、西亚北非、撒哈拉沙漠以南的非洲及大洋洲的新闻传播史。
606 0  @a新闻事业史@x国外@j教材
690    @aG219.19@v5
701  0 @a陈力丹@Achen li dan@f(1951.2)@4著
701  0 @a王辰瑶@Awang chen yao@c(女)@4著
801  0 @aCN@b卓展宏图@c20150525
905    @dG219.19@e618=2@f4
    
    外国新闻传播史纲要/陈力丹, 王辰瑶著.-第2版.-北京:中国人民大学出版社,2014
    267页:图;26cm
    “十二五”普通高等教育本科国家级规划教材 北京市高等教育精品教材立项项目 21世纪新闻传播学系列教材·基础课程系列/方汉奇主编
    
    ISBN 978-7-300-18070-0:CNY35.00
    本书从宏观上概括了人类社会现代新闻传播的历史轨迹, 以期让读者对15世纪末至今的全球现代化进程中新闻传播的发展大势, 有一个直观的印象。其次按照世界上目前的发展区域或板块, 分别介绍了欧洲、美洲、西亚以外的亚洲、西亚北非、撒哈拉沙漠以南的非洲及大洋洲的新闻传播史。
●
相关链接 在E读中查询图书 在五车中查询图书 在当当中查询图书 在豆瓣中查询图书


正题名:外国新闻传播史纲要     索取号:G219.19/618=2         预约/预借

序号 登录号 条形码 馆藏地/架位号 状态 备注
1 860095   208600959   第一样本阅览室/ [索取号:G219.19/618=2] 在馆    
2 860096   208600968   密集书库-文学院/ [索取号:G219.19/618=2] 在馆    
3 860097   208600977   第四借阅区/ [索取号:G219.19/618=2] 在馆    
4 860098   208600986   第四借阅区/ [索取号:G219.19/618=2] 在馆    
唐山师范学院图书馆 欢迎您!
大连网信软件有限公司© 版权所有